| 000 -LEADER |
| fixed length control field |
00652nam a22002177a 4500 |
| 005 - DATE AND TIME OF LATEST TRANSACTION |
| control field |
20200317100253.0 |
| 008 - FIXED-LENGTH DATA ELEMENTS--GENERAL INFORMATION |
| fixed length control field |
200317b ||||| |||| 00| 0 eng d |
| 040 ## - CATALOGING SOURCE |
| Transcribing agency |
KH8 |
| 082 ## - DEWEY DECIMAL CLASSIFICATION NUMBER |
| Classification number |
320 ZUN |
| 100 ## - MAIN ENTRY--PERSONAL NAME |
| Personal name |
Zunar |
| Relator term |
author |
| 245 ## - TITLE STATEMENT |
| Title |
Twit twit cincin / |
| Statement of responsibility, etc. |
Zunar |
| 260 ## - PUBLICATION, DISTRIBUTION, ETC. |
| Place of publication, distribution, etc. |
Malaysia : |
| Date of publication, distribution, etc. |
2017. |
| 300 ## - PHYSICAL DESCRIPTION |
| Extent |
128 p. |
| Other physical details |
ill. : |
| Dimensions |
17 x 26 cm. |
| 500 ## - GENERAL NOTE |
| General note |
Signed copy |
| 546 ## - LANGUAGE NOTE |
| Language note |
Bilingual |
| 650 ## - SUBJECT ADDED ENTRY--TOPICAL TERM |
| Topical term or geographic name entry element |
Political corruption |
| Form subdivision |
Caricatures and cartoons |
| 650 ## - SUBJECT ADDED ENTRY--TOPICAL TERM |
| Topical term or geographic name entry element |
Politicians |
| Form subdivision |
Malaysia |
| General subdivision |
Caricatures and cartoons |
| 650 ## - SUBJECT ADDED ENTRY--TOPICAL TERM |
| Topical term or geographic name entry element |
Malaysia |
| Form subdivision |
Politics and government |
| General subdivision |
Caricatures and cartoons. |
| 650 ## - SUBJECT ADDED ENTRY--TOPICAL TERM |
| Topical term or geographic name entry element |
Comics (Graphic works) |
| 942 ## - ADDED ENTRY ELEMENTS (KOHA) |
| Source of classification or shelving scheme |
|
| Koha item type |
Books - Non Ficton |